Dialéctica de una derrota / (Record no. 8389)
[ view plain ]
| 000 -LEADER | |
|---|---|
| campo de control de longitud fija | 01370cam a2200217 4500 |
| 001 - NÚMERO DE CONTROL | |
| campo de control | 2359 |
| 005 - FECHA Y HORA DE LA ÚLTIMA TRANSACCIÓN | |
| campo de control | 20230404125954.0 |
| 008 - DATOS DE LONGITUD FIJA--INFORMACIÓN GENERAL | |
| campo de control de longitud fija | 060907n1978 mx spa |
| 035 ## - NÚMERO DE CONTROL DEL SISTEMA | |
| -- | funglode2367 |
| 041 ## - CÓDIGO DE IDIOMA | |
| Código de lengua del texto/banda sonora o título independiente | spa |
| 050 14 - SIGNATURA TOPOGRÁFICA DE LA BIBLIOTECA DEL CONGRESO | |
| Número de clasificación | 104 F 3100 |
| Número de ítem | A465d 1978 |
| 100 1# - ENTRADA PRINCIPAL--NOMBRE DE PERSONA | |
| Nombre de persona | Altamirano, Carlos. |
| 245 10 - MENCIÓN DEL TÍTULO | |
| Título | Dialéctica de una derrota / |
| Mención de responsabilidad, etc. | Carlos Altamirano |
| 260 ## - PUBLICACIÓN, DISTRIBUCIÓN, ETC. | |
| Lugar de publicación, distribución, etc. | México : |
| Nombre del editor, distribuidor, etc. | Siglo Veintiuno Editores, |
| Fecha de publicación, distribución, etc. | 1978 |
| 300 ## - DESCRIPCIÓN FÍSICA | |
| Extensión | 288 p. |
| 520 ## - RESUMEN, ETC. | |
| Sumario, etc. | El partido socialista de Chile, 14. -- La unidad popular : Un programa para Chile, 36. -- Los mil días de la unidad popular, 46. -- La vía pacífica y el progreso revolucionario, 56. -- Las difíciles capas medias, 74. -- La democracia cristiana : Problemas de ayer y de hoy, 88. -- Poder popular : Exigencia de las masas, 105. -- El izquierdismo en la experiencia Chilena, 117. -- Estados Unidos y el gobierno revolucionario, 124. -- Fuerzas Armadas : La más seria insuficiencia, 147. -- Los problemas económicos en la transición al socialismo, 163. -- Once de septiembre : Día de la traición, 185. -- Dialéctica de una derrota, 201. -- Tiranía fascista, 222. -- Consideraciones y proposiciones acerca de una estrategia revolucionaria en Chile, 226 |
| 651 #0 - PUNTO DE ACCESO ADICIONAL DE MATERIA--NOMBRE GEOGRÁFICO | |
| Nombre geográfico | Chile |
| Subdivisión general | Politics and government |
| Subdivisión cronológica | 1970-1973. |
| 650 #0 - PUNTO DE ACCESO ADICIONAL DE MATERIA--TÉRMINO DE MATERIA | |
| Término de materia o nombre geográfico como elemento de entrada | Communism |
| Subdivisión geográfica | Chile. |
| 651 #4 - PUNTO DE ACCESO ADICIONAL DE MATERIA--NOMBRE GEOGRÁFICO | |
| Nombre geográfico | Chile |
| Subdivisión general | Política y gobierno |
| Subdivisión cronológica | 1970-1973. |
| 942 ## - ELEMENTOS DE ENTRADA SECUNDARIOS (KOHA) | |
| Fuente del sistema de clasificación o colocación | Clasificación de Library of Congress |
| Tipo de ítem Koha | |
| Estatus retirado | Estado de pérdida | Fuente del sistema de clasificación o colocación | Estado de daño | No para préstamo | Colección | Biblioteca de origen | Biblioteca actual | Ubicación en estantería | Fecha de adquisición | Serial enumeration / chronology | Total checkouts | Signatura topográfica completa | Código de barras | Visto por última vez | Copia número | Precio de reemplazo | Tipo de ítem Koha |
|---|---|---|---|---|---|---|---|---|---|---|---|---|---|---|---|---|---|
| Clasificación de Library of Congress | Recursos Regionales | Biblioteca Juan Bosch | Biblioteca Juan Bosch | Recursos Regionales (2do. Piso) | 23/10/2018 | 1 | 104 F 3100 A465d 1978 | 00000003440 | 23/10/2018 | 1 | 23/10/2018 |
